[Event "May Lviv Tradition (IM-group)"]
[Site "Lviv"]
[Date "2015.05.26"]
[Round "1.1"]
[White "Punin, Andrii"]
[Black "Anwesh, Upadhyaya"]
[Result "1/2-1/2"]
[WhiteElo "2246"]
[BlackElo "2373"]
[PlyCount "97"]
[EventDate "2015.05.26"]

1. e4 g6 2. d4 c6 3. Nc3 d5 4. e5 Bg7 5. f4 h5 6. Nf3 Nh6 7. Be3 Bg4 8. h3 Bxf3
9. Qxf3 Nf5 10. Bf2 h4 11. Bd3 e6 12. O-O Nd7 13. Ne2 Bf8 14. a4 a6 15. c3 c5
16. dxc5 Bxc5 17. b4 Bxf2+ 18. Qxf2 Qb6 19. a5 Qxf2+ 20. Kxf2 Rc8 21. Rfc1 Ke7
22. Nd4 Rc7 23. Rc2 Rhc8 24. Rac1 f6 25. Nf3 fxe5 26. fxe5 Rf8 27. Ke2 Ng3+ 28.
Ke3 Rxf3+ 29. gxf3 Nxe5 30. c4 Rd7 31. cxd5 exd5 32. f4 d4+ 33. Kd2 Nf3+ 34.
Kd1 Kd6 35. Rc8 Ng1 36. Rh8 Nxh3 37. Rxh4 Nf2+ 38. Kd2 Nf5 39. Rh2 Nxd3 40.
Kxd3 Re7 41. Re2 Rh7 42. Rg1 Rh3+ 43. Kd2 Nh4 44. Kc1 d3 45. Re5 Rf3 46. Rg4
Rf1+ 47. Kd2 Nf3+ 48. Kxd3 Nxe5+ 49. fxe5+ $11 1/2-1/2

[Event "May Lviv Tradition (IM-group)"]
[Site "Lviv"]
[Date "2015.05.26"]
[Round "1.2"]
[White "Koziol, Kamil"]
[Black "Bunyatov, Rustam"]
[Result "1-0"]
[WhiteElo "2207"]
[BlackElo "2104"]
[PlyCount "101"]
[EventDate "2015.05.26"]

1. d4 d5 2. c4 c6 3. Nf3 Nf6 4. Nc3 a6 5. a4 g6 6. Bf4 Bg7 7. h3 O-O 8. e3 Qb6
9. Qd2 Be6 10. c5 Qd8 11. b4 Ne4 12. Qc2 f5 13. Bd3 Nd7 14. O-O Qe8 15. Nd2 Bf7
16. Nb3 e5 17. Bh2 Qd8 18. b5 a5 19. b6 Qh4 20. Ne2 Ng5 21. Qc3 e4 22. Bg3 Qh6
23. Bc2 Ne6 24. Bd6 g5 25. Bxf8 Rxf8 26. f4 exf3 27. Rxf3 Bh5 28. Rf2 Bxe2 29.
Rxe2 g4 30. Rf1 Qh5 31. Ref2 f4 32. hxg4 Qxg4 33. Qd3 Nf6 34. Bd1 Qh4 35. Qf5
Re8 36. Rf3 fxe3 37. Rxe3 Ng5 38. Rxe8+ Nxe8 39. Qg4 Qh6 40. Qc8 Qg6 41. Bg4
Qe4 42. Qf5 Qe3+ 43. Kh2 h6 $11 44. Nxa5 Nf6 45. Qc8+ Kf7 46. Qxb7+ Kg6 47.
Bf5+ Kh5 48. Qxg7 Ng4+ 49. Bxg4+ Kxg4 50. Qd7+ Kh4 51. Qf5 1-0

[Event "May Lviv Tradition (IM-group)"]
[Site "Lviv"]
[Date "2015.05.26"]
[Round "1.3"]
[White "Shevchenko, Kirill"]
[Black "Nayhebaver, Martin"]
[Result "1/2-1/2"]
[WhiteElo "2306"]
[BlackElo "2317"]
[PlyCount "115"]
[EventDate "2015.05.26"]

1. e4 c5 2. Nf3 d6 3. d4 cxd4 4. Nxd4 Nf6 5. Nc3 a6 6. Be3 e6 7. Be2 Be7 8. Qd2
O-O 9. O-O-O b5 10. Bf3 b4 11. Nce2 Bb7 12. e5 Nd5 13. exd6 Bxd6 14. Nf5 Be5
15. Bf4 Nd7 16. Nd6 Bc6 17. Nc4 Bxf4 18. Nxf4 N7f6 19. Rhe1 Qc7 20. Ne5 Bb7 21.
Kb1 a5 22. Bxd5 Nxd5 23. Nxd5 Bxd5 24. Qe3 a4 25. Rd2 Rfc8 26. f3 Ra5 27. Nd3
Qc4 28. b3 Qc3 29. Nf4 axb3 30. cxb3 Bxb3 31. Qxc3 bxc3 32. Rc1 Raa8 33. Re2
Bc4 34. Re3 Bxa2+ 35. Kc2 Ra3 36. Ne2 Bb3+ 37. Kb1 Rb8 38. Rcxc3 Bc4+ 39. Kc1
Ra1+ 40. Kd2 Rb2+ 41. Rc2 Rxc2+ 42. Kxc2 Ra2+ 43. Kd1 Bxe2+ 44. Rxe2 Rxe2 45.
Kxe2 e5 46. Kd3 f5 47. Kc4 Kf7 48. Kd5 Kf6 49. g3 g5 50. h3 h5 51. g4 fxg4 52.
fxg4 h4 53. Kc4 Ke6 54. Kc5 e4 55. Kd4 e3 56. Kxe3 Ke5 57. Kf3 Kd4 58. Kf2 $11
1/2-1/2

[Event "May Lviv Tradition (IM-group)"]
[Site "?"]
[Date "2015.05.26"]
[Round "1.4"]
[White "Grekh, Andrey"]
[Black "Sevostianov, Pavel"]
[Result "1/2-1/2"]
[WhiteElo "2341"]
[BlackElo "2263"]
[PlyCount "58"]
[EventDate "2005.08.??"]
[EventRounds "10"]
[EventCountry "UKR"]

1. e4 c5 2. Nf3 Nc6 3. Bb5 g6 4. Bxc6 bxc6 5. O-O Bg7 6. Re1 Nh6 7. c3 O-O 8.
d4 cxd4 9. cxd4 f6 10. Nc3 Nf7 11. b3 Qa5 12. Bb2 Qh5 13. Ne2 Ng5 14. Nd2 f5
15. exf5 Rxf5 16. Ng3 Qxd1 17. Raxd1 Rf7 18. Nc4 d6 19. Na5 Bd7 20. h4 Ne6 21.
Nxc6 Bxc6 22. Rxe6 Bd5 23. Re2 Rc8 24. Nf1 Bh6 25. Nh2 Bg7 26. Rdd2 Bh6 27. Rd1
Bg7 28. Rdd2 Bh6 29. Rd1 Bg7 $11 1/2-1/2

[Event "May Lviv Tradition (IM-group)"]
[Site "Lviv"]
[Date "2015.05.26"]
[Round "1.5"]
[White "Kryvoruchko, Vita"]
[Black "Shkuran, Daniil"]
[Result "0-1"]
[WhiteElo "2213"]
[BlackElo "2386"]
[PlyCount "104"]
[EventDate "2015.05.26"]

1. e4 c5 2. Nf3 e6 3. d4 cxd4 4. Nxd4 Nf6 5. Bd3 a6 6. O-O Qc7 7. Be3 Nc6 8.
Nc3 Bb4 9. Nxc6 bxc6 10. f4 d5 11. e5 Nd7 12. Qg4 Bf8 13. Rae1 g6 14. h4 Bc5
15. Nd1 a5 16. c4 Ba6 17. b3 Rd8 18. h5 Bxe3+ 19. Nxe3 Nc5 20. Bb1 d4 21. Nd1
Qb6 22. Qh4 d3 23. hxg6 fxg6 24. Nf2 Kd7 25. Rd1 Kc7 26. Rd2 Rd7 27. Rfd1 Rhd8
28. Kh2 a4 29. Bxd3 axb3 30. axb3 Qa5 31. Qh3 Nxb3 32. Rb2 Nc5 33. Be2 Rxd1 34.
Nxd1 Rd7 35. Nf2 h5 36. Qg3 Rd2 37. Rxd2 Qxd2 38. Bf1 Qe1 39. Nd3 Qxg3+ 40.
Kxg3 Ne4+ 41. Kh4 Bxc4 42. g4 hxg4 43. Nc5 Bxf1 44. Nxe4 Bd3 45. Nf2 Bf5 46.
Nxg4 Bxg4 47. Kxg4 c5 48. Kg5 c4 49. Kxg6 c3 50. f5 c2 51. f6 c1=Q 52. Kf7 Kd7
0-1

[Event "May Lviv Tradition (IM-group)"]
[Site "Lviv"]
[Date "2015.05.26"]
[Round "1.6"]
[White "Osmak, Iulija"]
[Black "Ivanenko, Olga I"]
[Result "0-1"]
[WhiteElo "2368"]
[BlackElo "2182"]
[PlyCount "128"]
[EventDate "2015.05.26"]

1. e4 c5 2. Nf3 a6 3. Nc3 e6 4. d4 cxd4 5. Nxd4 Qc7 6. Bd3 Nf6 7. f4 b5 8. e5
b4 9. Ne4 Nxe4 10. Bxe4 Bb7 11. Qf3 Bxe4 12. Qxe4 Nc6 13. Nxc6 Qb7 14. Qf3 Qxc6
15. Qxc6 dxc6 16. Be3 O-O-O 17. c3 Kc7 18. cxb4 Bxb4+ 19. Ke2 Rd5 20. Rac1 Kd7
21. Rc4 Be7 22. Rhc1 Rc8 23. Kf3 f6 24. exf6 gxf6 25. Ra4 a5 26. Rc2 Rb8 27.
Rac4 Rc8 28. Bd4 Rb8 29. Bc3 Rbb5 30. Re2 Rd3+ $11 31. Re3 Rxe3+ 32. Kxe3 Rd5
33. g4 h5 34. Kf3 Rd3+ 35. Ke4 Rh3 36. Bxa5 hxg4 37. Rd4+ Bd6 38. f5 exf5+ 39.
Kxf5 Rh5+ 40. Kxf6 Rxa5 41. a4 Kc7 42. Rxg4 Bxh2 43. Re4 Kd6 44. Re6+ Kd5 45.
Re2 Bc7 46. Rd2+ Kc5 47. Rc2+ Kd6 48. b4 Bd8+ 49. Kf7 Rxa4 50. Rd2+ Kc7 51. Rd4
Bg5 52. Ke6 Be3 53. Rd3 Bh6 54. Rb3 Kb6 55. Kd7 Ra7+ 56. Kc8 Bd2 57. Rb2 Bc3
58. Rb3 Be5 59. Re3 Bd6 60. Re4 Ra4 61. Kd7 Bxb4 62. Re6 Ra7+ 63. Kc8 Kb5 64.
Kb8 Re7 0-1

[Event "May Lviv Tradition (IM-group)"]
[Site "Lviv"]
[Date "2015.05.27"]
[Round "2.1"]
[White "Anwesh, Upadhyaya"]
[Black "Ivanenko, Olga I"]
[Result "1-0"]
[WhiteElo "2373"]
[BlackElo "2182"]
[PlyCount "89"]
[EventDate "2015.05.26"]

1. c4 Nf6 2. g3 g6 3. Bg2 d5 4. cxd5 Nxd5 5. Nc3 Nb6 6. d3 Bg7 7. Be3 Nc6 8. h4
h5 9. Bxc6+ bxc6 10. Nf3 Bg4 11. Ng5 Nd5 12. Bd2 O-O 13. Qa4 Rb8 14. Qc2 Nb4
15. Qb1 Qc8 16. O-O Qb7 17. f3 Bd7 18. Qc1 Nd5 19. Rb1 Qb6+ 20. Kg2 Bd4 21. Na4
Qb5 22. b3 a5 23. Ne4 Nb4 24. a3 Qf5 25. Rh1 Nd5 26. Nec5 Nb6 27. e4 Qf6 28.
Nxb6 Bg4 29. Rf1 cxb6 30. fxg4 Qd6 31. Na4 Be5 32. Bf4 Qxd3 33. Qc4 Qxc4 34.
bxc4 Bxf4 35. Rxf4 b5 36. cxb5 cxb5 37. Nc3 e5 38. Rf2 b4 39. axb4 axb4 40. Nd5
hxg4 41. Rxb4 Rxb4 42. Nxb4 Kg7 43. Nd3 f6 44. Re2 Rc8 45. Nf2 1-0

[Event "May Lviv Tradition (IM-group)"]
[Site "Lviv"]
[Date "2015.05.27"]
[Round "2.2"]
[White "Shkuran, Daniil"]
[Black "Osmak, Iulija"]
[Result "1-0"]
[WhiteElo "2386"]
[BlackElo "2368"]
[PlyCount "99"]
[EventDate "2015.05.26"]

1. e4 e6 2. d3 d5 3. Nd2 Nf6 4. g3 g6 5. Bg2 Bg7 6. Ngf3 c5 7. O-O O-O 8. c3
Nc6 9. e5 Ng4 10. d4 cxd4 11. cxd4 f6 12. exf6 Nxf6 13. Nb3 Ne4 14. Re1 a5 15.
a4 Bd7 16. Be3 Rc8 17. Re2 b6 18. Nc1 Nb4 19. Bf4 g5 20. Be5 g4 21. Ne1 Bxe5
22. dxe5 Nc5 23. Ncd3 Nbxd3 24. Nxd3 Nxd3 25. Qxd3 Qe7 26. Qe3 Rc5 27. Rd2 Qg7
28. b3 Rf5 29. Re1 Bc8 30. Rd4 Ba6 31. b4 Rc2 32. b5 Rfxf2 33. Qxf2 Rxf2 34.
Kxf2 Qf8+ 35. Ke2 Qf5 $11 36. Rf4 Bxb5+ 37. axb5 Qxe5+ 38. Kf1 Qb2 39. Rxg4+
Kh8 40. Rxe6 Qxb5+ 41. Re2 a4 42. Bxd5 h5 43. Rg8+ Kh7 44. Rg5 Kh6 45. h4 a3
46. Kf2 Qc5+ 47. Kg2 Qf8 48. Re6+ Kh7 49. Be4+ Kh8 50. Rxh5+ 1-0

[Event "May Lviv Tradition (IM-group)"]
[Site "Lviv"]
[Date "2015.05.27"]
[Round "2.3"]
[White "Sevostianov, Pavel"]
[Black "Kryvoruchko, Vita"]
[Result "1-0"]
[WhiteElo "2263"]
[BlackElo "2213"]
[PlyCount "65"]
[EventDate "2015.05.26"]

1. e4 c5 2. Nf3 d6 3. Bb5+ Bd7 4. a4 Nc6 5. d3 Nf6 6. Nbd2 e6 7. Nc4 Nd4 8.
Nxd4 cxd4 9. O-O Be7 10. Bf4 e5 11. Bg5 Qc7 12. f4 Rd8 13. fxe5 dxe5 14. Rf5
Bxb5 15. axb5 Nd7 16. Bxe7 Kxe7 17. Rxa7 f6 18. Qa1 Nc5 19. Qa2 Rhf8 20. b6 Qc6
21. b4 Nd7 22. Na5 Qxb6 23. Rxb7 Qd6 24. b5 Rc8 25. Nc6+ Rxc6 26. bxc6 Qxc6 27.
Qa7 Rd8 28. Rc7 Qb5 29. Rf1 Qb4 30. Ra1 Qd2 31. Qc5+ Ke8 32. Qd6 Qe3+ 33. Kh1
1-0

[Event "May Lviv Tradition (IM-group)"]
[Site "Lviv"]
[Date "2015.05.27"]
[Round "2.4"]
[White "Nayhebaver, Martin"]
[Black "Grekh, Andrey"]
[Result "1/2-1/2"]
[WhiteElo "2317"]
[BlackElo "2341"]
[PlyCount "60"]
[EventDate "2015.05.26"]

1. e4 c5 2. Nf3 e6 3. d4 cxd4 4. Nxd4 a6 5. Bd3 Qc7 6. O-O Nf6 7. Qe2 d6 8. c4
Be7 9. Nc3 Nc6 10. Nxc6 bxc6 11. f4 Nd7 12. Be3 Bf6 13. Rac1 O-O 14. c5 Nxc5
15. Bxc5 dxc5 16. e5 Be7 17. Rf3 f5 18. exf6 Bxf6 19. Ne4 Bd4+ 20. Kh1 Qe7 21.
Ng5 h6 22. Qe4 Rf5 23. Bc4 g6 24. Nxe6 Kh7 25. Rh3 Bg7 26. Rg3 Qe8 27. Re1 Bxe6
28. Bxe6 Rf6 29. Rge3 Rd8 30. Bc4 Qxe4 $11 1/2-1/2

[Event "May Lviv Tradition (IM-group)"]
[Site "Lviv"]
[Date "2015.05.27"]
[Round "2.5"]
[White "Bunyatov, Rustam"]
[Black "Shevchenko, Kirill"]
[Result "1/2-1/2"]
[WhiteElo "2104"]
[BlackElo "2306"]
[PlyCount "98"]
[EventDate "2015.05.26"]

1. e4 c5 2. Ne2 d6 3. g3 g6 4. Bg2 Bg7 5. c3 Nc6 6. d4 cxd4 7. cxd4 e6 8. Nbc3
Nge7 9. O-O O-O 10. Be3 d5 11. f3 b6 12. Qd2 Ba6 13. Rfd1 b5 14. e5 Qd7 15. b3
f6 16. f4 Rac8 17. a4 b4 18. Nb5 Rb8 19. Nd6 Na5 20. Rab1 Nc8 21. Nxc8 Rfxc8
22. Bf1 f5 23. Qb2 Bxe2 24. Bxe2 Rc3 25. Rd3 Rbc8 26. Rc1 Rxc1+ 27. Bxc1 Bf8
28. Bd1 Qc6 29. Be3 Qa6 30. Qb1 Rc7 31. Bd2 Be7 32. h3 Qb6 33. Kg2 Kf7 34. g4
$11 Ke8 35. g5 Kf7 36. h4 Nc4 37. Bc1 Qc6 38. bxc4 dxc4+ 39. Bf3 Qxa4 40. Rd1
c3 41. Qd3 c2 42. Rd2 Rc3 43. Qe2 b3 44. d5 b2 45. dxe6+ Kf8 46. Bxb2 c1=Q 47.
Bxc1 Rxc1 48. Qe3 Qa5 49. Rd8+ Bxd8 $11 1/2-1/2

[Event "May Lviv Tradition (IM-group)"]
[Site "Lviv"]
[Date "2015.05.27"]
[Round "2.6"]
[White "Punin, Andrii"]
[Black "Koziol, Kamil"]
[Result "1-0"]
[WhiteElo "2246"]
[BlackElo "2207"]
[PlyCount "74"]
[EventDate "2015.05.26"]

1. c4 Nf6 2. Nc3 d5 3. cxd5 Nxd5 4. Nf3 g6 5. Qb3 Nb6 6. d4 Bg7 7. Bf4 Be6 8.
Qa3 O-O 9. e3 N8d7 10. Be2 Nc4 11. Qa4 Ndb6 12. Qc2 Nd6 13. O-O Nd5 14. Be5
Nxc3 15. Qxc3 f6 16. Bg3 c6 17. Nd2 Nf5 18. Bc4 Bxc4 19. Qxc4+ Kh8 20. Ne4 Nxg3
21. hxg3 Qd5 22. Qxd5 cxd5 23. Nc5 e5 24. Rfd1 e4 25. Rac1 Rf7 26. Ne6 Re8 27.
Nf4 Rd7 28. Rc5 Red8 29. Rdc1 Kg8 30. Rc7 Bf8 31. Ne6 Bd6 32. Nxd8 Rxc7 33.
Rxc7 Bxc7 34. Nxb7 Kf7 35. g4 Ke7 36. Nc5 Kd6 37. Kf1 Kc6 {Time Black Zero} 1-0

[Event "May Lviv Tradition (IM-group)"]
[Site "Lviv"]
[Date "2015.05.27"]
[Round "3.1"]
[White "Koziol, Kamil"]
[Black "Anwesh, Upadhyaya"]
[Result "0-1"]
[WhiteElo "2207"]
[BlackElo "2373"]
[PlyCount "64"]
[EventDate "2015.05.26"]

1. d4 d5 2. c4 c6 3. Nf3 Nf6 4. Nc3 e6 5. Bg5 dxc4 6. e4 b5 7. e5 h6 8. Bh4 g5
9. Nxg5 hxg5 10. Bxg5 Nbd7 11. exf6 Bb7 12. Be2 Qb6 13. a4 O-O-O 14. a5 Qa6 15.
O-O c5 16. Bf3 Bxf3 17. Qxf3 cxd4 18. Rfd1 Ne5 19. Qe4 Nc6 20. Ne2 d3 21. Nf4
Rd4 22. Qe3 e5 23. Nxd3 cxd3 24. Rxd3 Bd6 25. h4 b4 26. Rxd4 Nxd4 27. Qe4 Kd7
28. Qg4+ Ne6 29. Be3 Ke8 30. Rd1 Kf8 31. Bc5 Bxc5 32. Qg7+ Nxg7 0-1

[Event "May Lviv Tradition (IM-group)"]
[Site "Lviv"]
[Date "2015.05.27"]
[Round "3.2"]
[White "Shevchenko, Kirill"]
[Black "Punin, Andrii"]
[Result "1/2-1/2"]
[WhiteElo "2306"]
[BlackElo "2246"]
[PlyCount "74"]
[EventDate "2015.05.26"]

1. e4 c6 2. d4 d5 3. exd5 cxd5 4. c4 Nf6 5. Nc3 Nc6 6. Bg5 dxc4 7. Bxc4 h6 8.
Bh4 Qxd4 9. Qxd4 Nxd4 10. O-O-O e5 11. f4 Bg4 12. Nf3 Bxf3 13. gxf3 Rc8 14. Bf1
Nd5 15. fxe5 Nxc3 16. bxc3 Ba3+ 17. Kb1 Nxf3 18. Bh3 Ra8 19. Bd7+ Kf8 20. Bg3
Ng5 21. e6 Nxe6 22. Bxe6 fxe6 23. Rd7 Kg8 24. Rxb7 Rh7 25. Re1 g5 26. Rxh7 Kxh7
27. Rxe6 Rg8 28. Kc2 Rg6 29. Rxg6 Kxg6 30. Kd3 Kf5 31. Kd4 Ke6 32. c4 Bd6 33.
Bxd6 Kxd6 34. Ke4 Kc5 35. Kf5 Kxc4 36. Kg6 a5 37. Kxh6 a4 $11 1/2-1/2

[Event "May Lviv Tradition (IM-group)"]
[Site "Lviv"]
[Date "2015.05.27"]
[Round "3.3"]
[White "Grekh, Andrey"]
[Black "Bunyatov, Rustam"]
[Result "1-0"]
[WhiteElo "2341"]
[BlackElo "2104"]
[PlyCount "81"]
[EventDate "2015.05.26"]

1. d4 d5 2. c4 c6 3. Nc3 Nf6 4. cxd5 cxd5 5. Bf4 Qb6 6. Qb3 Qxd4 7. Nb5 Qxf4 8.
e3 Qe4 9. Nc7+ Kd8 10. Nxa8 e6 11. a3 Nc6 12. Nf3 Bd6 13. Bd3 Qg4 14. O-O Ke7
15. Rac1 e5 16. Be2 Qg6 17. Rfd1 e4 18. Nd4 Bd7 19. Nb5 Rxa8 20. Nxd6 Kxd6 21.
Qxb7 Rc8 22. b4 Qg5 23. b5 Nd4 24. Rxc8 Nxe2+ 25. Kf1 Qg4 26. Rc6+ Bxc6 27.
Qxc6+ Ke7 28. Qc7+ Ke8 29. Rd2 d4 30. Qb8+ Ke7 31. Qxa7+ Nd7 32. Rxe2 d3 33.
Rd2 Qh5 34. Qd4 Nf6 35. Qb4+ Ke6 36. h3 Qe5 37. Kg1 Qa1+ 38. Kh2 Qe5+ 39. g3
Nd5 40. Qc4 f6 41. b6 1-0

[Event "May Lviv Tradition (IM-group)"]
[Site "Lviv"]
[Date "2015.05.27"]
[Round "3.4"]
[White "Kryvoruchko, Vita"]
[Black "Nayhebaver, Martin"]
[Result "0-1"]
[WhiteElo "2213"]
[BlackElo "2317"]
[PlyCount "130"]
[EventDate "2015.05.26"]

1. e4 c5 2. Nf3 d6 3. d4 cxd4 4. Nxd4 Nf6 5. Nc3 a6 6. f3 e5 7. Nb3 Be7 8. Be3
Be6 9. Qd2 O-O 10. O-O-O a5 11. Bb5 Na6 12. Qe2 Qc8 13. g4 Nc7 14. Ba4 b5 15.
Bxb5 Nxb5 16. Qxb5 a4 17. Na5 a3 18. Nc6 axb2+ 19. Kxb2 Qc7 20. Bb6 Qb7 21. a4
Rfc8 22. Nxe7+ Qxe7 23. a5 Rab8 24. Qb4 Rc6 25. Nd5 Bxd5 26. exd5 Rcc8 27. Rd3
e4 28. fxe4 Nxg4 29. Ra1 Qe5+ 30. Qd4 Qxh2 31. Rc3 Ne5 32. Raa3 Qe2 33. Rab3
Nc4+ 34. Ka2 Ra8 35. Rb4 Nxb6 36. Rxb6 Rxa5+ 37. Kb2 Rb5+ 38. Rxb5 Qxb5+ 39.
Rb3 Qe2 40. Qc3 Qg4 41. Qb4 Qf4 42. Qb8 Qf6+ 43. Kb1 Qd8 44. Qb7 h5 45. e5 dxe5
46. d6 e4 47. d7 Rc7 48. Qxe4 Rxd7 49. Qe5 Rd1+ 50. Ka2 Qa8+ 51. Ra3 Qd5+ 52.
Qxd5 Rxd5 53. Ra8+ Kh7 54. c4 Rc5 55. Kb3 g5 56. Kb4 Rc7 57. c5 g4 58. Kb5 g3
59. Ra3 h4 60. Ra4 f5 61. Rxh4+ Kg6 62. Kb6 Rxc5 63. Kxc5 g2 64. Kd5 g1=Q 65.
Rc4 Kg5 0-1

[Event "May Lviv Tradition (IM-group)"]
[Site "Lviv"]
[Date "2015.05.27"]
[Round "3.5"]
[White "Osmak, Iulija"]
[Black "Sevostianov, Pavel"]
[Result "1-0"]
[WhiteElo "2368"]
[BlackElo "2263"]
[PlyCount "81"]
[EventDate "2015.05.26"]

1. e4 c5 2. Nf3 d6 3. d4 cxd4 4. Nxd4 Nf6 5. Nc3 a6 6. h3 e6 7. g4 d5 8. Bg2
Nxe4 9. Nxe4 dxe4 10. O-O Nd7 11. Bxe4 Be7 12. c3 O-O 13. Qe2 Nc5 14. Bg2 Qc7
$11 15. Be3 Bd7 16. c4 Rad8 17. Rac1 e5 18. Nf5 Bxf5 19. gxf5 Nd3 20. Rc3 Nb4
21. Rb3 Rd7 22. f6 Nc6 23. fxe7 Rxe7 24. Re1 e4 25. Bc5 Re6 26. Bxf8 Nd4 27.
Qd1 Nxb3 28. Qxb3 Kxf8 29. Rxe4 Rxe4 30. Bxe4 Qf4 31. Qa3+ Kg8 32. Qg3 Qc1+ 33.
Kg2 g6 34. Qb8+ Kg7 35. Qe5+ f6 36. Qe7+ Kh6 37. Qxf6 Qxc4 38. Qf8+ Kh5 39.
Bf3+ Kg5 40. h4+ Kxh4 41. Qh6# 1-0

[Event "May Lviv Tradition (IM-group)"]
[Site "Lviv"]
[Date "2015.05.27"]
[Round "3.6"]
[White "Ivanenko, Olga I"]
[Black "Shkuran, Daniil"]
[Result "0-1"]
[WhiteElo "2182"]
[BlackElo "2386"]
[PlyCount "62"]
[EventDate "2015.05.26"]

1. e4 c5 2. Nf3 e6 3. d4 cxd4 4. Nxd4 a6 5. Nc3 Qc7 6. Qf3 Nf6 7. Bg5 Qe5 8.
Be3 Bb4 9. O-O-O Bxc3 10. bxc3 Qxe4 11. Qg3 Qg6 12. Qd6 Nd5 13. Nxe6 fxe6 14.
Rxd5 exd5 15. Qe5+ Qe6 16. Qxg7 Rg8 17. Qxh7 Qf7 18. Qh4 d6 19. Be2 Bf5 20. Bh5
Bg6 21. Re1 Kd7 22. Qb4 Kc8 23. Bg4+ Bf5 24. Bxf5+ Qxf5 25. Qxd6 Re8 26. Rd1
Qe6 27. Qg3 Nc6 28. Bb6 Ne5 29. Ba5 b6 30. Bb4 a5 31. Ba3 Nc4 0-1

[Event "May Lviv Tradition (IM-group)"]
[Site "Lviv"]
[Date "2015.05.28"]
[Round "4.1"]
[White "Anwesh, Upadhyaya"]
[Black "Shkuran, Daniil"]
[Result "1/2-1/2"]
[WhiteElo "2373"]
[BlackElo "2386"]
[PlyCount "62"]
[EventDate "2015.05.26"]

1. d4 d5 2. Nf3 Nf6 3. c4 c6 4. cxd5 cxd5 5. Nc3 Nc6 6. Bf4 e6 7. e3 Bd6 8.
Bxd6 Qxd6 9. Bd3 O-O 10. O-O a6 11. Rc1 e5 12. dxe5 Nxe5 13. Be2 Rd8 14. Nxe5
Qxe5 15. Qd4 Qxd4 16. exd4 Bd7 17. Bf3 Bc6 18. Rfe1 Re8 19. Kf1 Kf8 20. Rxe8+
Rxe8 21. Re1 Rxe1+ 22. Kxe1 Ke7 23. Kd2 Kd6 24. Ke3 h6 25. h4 g5 26. hxg5 hxg5
27. g3 Bd7 28. Be2 Ng8 29. Bf3 Ne7 30. Kd3 Bf5+ 31. Kd2 Bd7 $11 1/2-1/2

[Event "May Lviv Tradition (IM-group)"]
[Site "Lviv"]
[Date "2015.05.28"]
[Round "4.2"]
[White "Sevostianov, Pavel"]
[Black "Ivanenko, Olga I"]
[Result "1-0"]
[WhiteElo "2263"]
[BlackElo "2182"]
[PlyCount "59"]
[EventDate "2015.05.26"]

1. e4 c5 2. Nf3 a6 3. g3 d6 4. Bg2 Nf6 5. e5 dxe5 6. Nxe5 e6 7. O-O Be7 8. a4
Qc7 9. Re1 Nfd7 10. Nc4 Nc6 11. d3 O-O 12. a5 Re8 13. Nc3 Bf8 14. Bf4 Qd8 15.
Ne4 e5 16. Be3 Qc7 17. c3 f5 18. Qb3 Nf6 19. Nxf6+ gxf6 20. Nb6+ Be6 21. Nxa8
Qf7 22. Qa3 Rxa8 23. Bxc5 Bh6 24. b4 Kh8 25. c4 Rd8 26. b5 Nd4 27. Qb2 axb5 28.
Bxd4 Rxd4 29. cxb5 Rxd3 30. a6 1-0

[Event "May Lviv Tradition (IM-group)"]
[Site "Lviv"]
[Date "2015.05.28"]
[Round "4.3"]
[White "Nayhebaver, Martin"]
[Black "Osmak, Iulija"]
[Result "0-1"]
[WhiteElo "2317"]
[BlackElo "2368"]
[PlyCount "134"]
[EventDate "2015.05.26"]

1. e4 d6 2. d4 Nf6 3. Nc3 e5 4. Nf3 Nbd7 5. Bc4 Be7 6. O-O Nb6 7. Be2 exd4 8.
Nxd4 O-O 9. Bf3 c6 10. Re1 Qc7 11. a4 a5 12. b3 Re8 13. Bb2 Bf8 14. Qd2 Nbd7
15. g3 Nc5 16. Bg2 Qb6 17. h3 g6 18. Rad1 Bg7 19. Qf4 Nfd7 20. Nf3 Bf8 21. Ng5
f6 22. Nf3 Ne6 23. Qd2 Ne5 24. Qe2 Be7 25. Kh2 Qa6 26. Qe3 Qa7 27. Nd4 Nxd4 28.
Qxd4 Qxd4 29. Rxd4 Nf7 30. Red1 Bf8 31. R4d2 Bd7 $11 32. f4 Rad8 33. Ne2 Bg7
34. Bd4 Be6 35. Bc3 Ra8 36. Nd4 Bd7 37. Kg1 f5 38. exf5 Bxf5 39. Nxf5 $11 Bxc3
40. Rd3 Bb4 41. Nd4 Bc5 42. Kf1 d5 43. Nf3 Re7 44. Re1 Rae8 45. Rxe7 Rxe7 46.
Nd2 Nd6 47. c4 Nf5 48. cxd5 Ne3+ 49. Rxe3 Rxe3 50. dxc6 bxc6 51. Bxc6 Rxg3 52.
Ne4 Rg1+ 53. Ke2 Bb4 54. Bd7 Kf7 55. f5 Ke7 56. Bc8 Re1+ 57. Kd3 Rd1+ 58. Ke2
Rb1 59. f6+ Kf7 60. Ba6 Rb2+ 61. Kf3 Rxb3+ 62. Kg4 Rb1 63. Bc4+ Kf8 64. f7 Be7
65. Bd5 Rb4 66. h4 Rxa4 67. h5 Rd4 0-1

[Event "May Lviv Tradition (IM-group)"]
[Site "Lviv"]
[Date "2015.05.28"]
[Round "4.4"]
[White "Bunyatov, Rustam"]
[Black "Kryvoruchko, Vita"]
[Result "1-0"]
[WhiteElo "2104"]
[BlackElo "2213"]
[PlyCount "103"]
[EventDate "2015.05.26"]

1. e4 c5 2. Ne2 Nf6 3. Nbc3 Nc6 4. g3 d6 5. Bg2 e5 6. O-O Be7 7. d3 Nd4 8. Nxd4
cxd4 9. Ne2 O-O 10. h3 d5 11. f4 dxe4 12. fxe5 exd3 13. Qxd3 Nd7 14. Kh2 Bc5
15. Qc4 Qe7 16. b4 Bxb4 17. Rxf7 Rxf7 18. e6 Rf8 19. exd7+ Kh8 20. Bg5 Qxg5 21.
dxc8=R Raxc8 22. Qxb4 Rf2 23. Qxb7 Re8 24. Nf4 Rxc2 25. Re1 Qd8 26. Rxe8+ Qxe8
27. Qxa7 Qd8 28. Ne6 Qg8 29. Nxd4 Rxa2 30. Qb7 h6 31. Nf5 Rf2 32. Qe4 Qf7 33.
Ne7 h5 34. Ng6+ Kg8 35. h4 Rd2 36. Nf4 Rf2 37. Qa8+ Kh7 38. Nh3 Kh6 39. Nxf2
Qxf2 40. Qe4 Qb2 41. Qf4+ Kh7 42. Kg1 Qa1+ 43. Qf1 Qd4+ 44. Qf2 Qa1+ 45. Kh2
Qe5 46. Qc2+ Kh6 47. Be4 Qf6 48. Qd2+ g5 49. Qxg5+ Qxg5 50. hxg5+ Kxg5 51. Kh3
h4 52. g4 1-0

[Event "May Lviv Tradition (IM-group)"]
[Site "Lviv"]
[Date "2015.05.28"]
[Round "4.5"]
[White "Punin, Andrii"]
[Black "Grekh, Andrey"]
[Result "1/2-1/2"]
[WhiteElo "2246"]
[BlackElo "2341"]
[PlyCount "92"]
[EventDate "2015.05.26"]

1. Nf3 b6 2. c4 Bb7 3. Nc3 e6 4. d4 Nf6 5. a3 d5 6. Bf4 Bd6 7. Bxd6 cxd6 8. e3
O-O 9. Rc1 Nbd7 10. cxd5 Nxd5 11. Bd3 Nxc3 12. Rxc3 Rc8 13. Rxc8 Qxc8 14. O-O
Nf6 15. Qe2 Qc6 16. Bb5 Qc7 17. Bd3 Be4 18. Ba6 Rb8 19. Nd2 Ba8 20. Qc4 Qxc4
21. Bxc4 Rc8 22. Bd3 Kf8 23. f3 Ke7 24. Nb3 e5 25. Rc1 Rxc1+ 26. Nxc1 e4 27.
Be2 Bd5 28. Kf2 g5 29. Bd1 Bc4 30. Ne2 Bxe2 31. Kxe2 d5 32. Bc2 $11 h5 33. g3
exf3+ 34. Kxf3 Ke6 35. h4 gxh4 36. gxh4 Ne8 37. Kf4 Nd6 38. Bd1 Nf5 39. Bxh5
Nxh4 40. Bg4+ Kd6 41. Bh3 a5 42. Kg4 Ng6 43. Kg5 b5 44. Bf5 Ne7 45. Bd3 b4 46.
axb4 axb4 $11 1/2-1/2

[Event "May Lviv Tradition (IM-group)"]
[Site "Lviv"]
[Date "2015.05.28"]
[Round "4.6"]
[White "Koziol, Kamil"]
[Black "Shevchenko, Kirill"]
[Result "0-1"]
[WhiteElo "2207"]
[BlackElo "2306"]
[PlyCount "86"]
[EventDate "2015.05.26"]

1. e4 c5 2. Nf3 d6 3. d4 cxd4 4. Nxd4 Nf6 5. Nc3 a6 6. Be3 e5 7. Nb3 Be6 8. h3
Be7 9. Qd2 O-O 10. g4 a5 11. Bg2 Na6 12. O-O Nc7 13. Rad1 b5 14. f4 Bc4 15. Rf2
a4 16. Nc1 exf4 17. Bxf4 b4 18. N3e2 d5 19. Nd4 dxe4 20. Nc6 Qe8 21. Nxe7+ Qxe7
22. Bd6 Qe6 23. Rxf6 Qxf6 24. Bxf8 Rxf8 25. Qxb4 Nd5 26. Qc5 Qxb2 27. Re1 Qxc2
28. Bxe4 Qc3 29. Qf2 Nf4 30. Qe3 Nxh3+ 31. Kh2 Qxe3 32. Rxe3 Nf2 33. Bf3 Rd8
34. Kg3 Nd3 35. Be2 Nb2 36. Bxc4 Nxc4 37. Rc3 Ne5 38. Kf4 f6 39. Ne2 Rd2 40.
Rc8+ Kf7 41. Nc3 Rd4+ 42. Ne4 Nc4 43. Rxc4 Rxc4 0-1

[Event "May Lviv Tradition (IM-group)"]
[Site "Lviv"]
[Date "2015.05.28"]
[Round "5.1"]
[White "Shevchenko, Kirill"]
[Black "Anwesh, Upadhyaya"]
[Result "0-1"]
[WhiteElo "2306"]
[BlackElo "2373"]
[PlyCount "78"]
[EventDate "2015.05.26"]

1. e4 e5 2. Nf3 Nc6 3. Bb5 a6 4. Ba4 Nf6 5. O-O Be7 6. d3 b5 7. Bb3 O-O 8. Nc3
d6 9. a3 Bb7 10. Be3 Qd7 11. Qd2 Nd8 12. Ne2 Ne6 13. Ng3 Rae8 14. h3 c5 15. c3
Qc7 16. Ng5 d5 17. exd5 Nxg5 18. Bxg5 Nxd5 19. Bxe7 Qxe7 20. Bxd5 Bxd5 21. Rae1
Qd7 22. f4 Bc4 23. fxe5 Qxd3 24. Qf4 Qd5 25. Rf2 Bd3 26. Re3 c4 27. h4 Re6 28.
Rff3 Qc5 29. Kh2 Qc7 30. Kg1 Rfe8 31. Nh1 Bg6 32. Nf2 Qe7 33. Nd1 h6 34. Kf2
Rxe5 35. Qd4 Bh5 36. Rxe5 Qxe5 37. Re3 Qxd4 38. cxd4 Rd8 39. Nc3 Rxd4 0-1